000 00687nam a2200217 a 4500
001 000035524
005 20200930074415.0
008 111103s1993 mx 000 j spa d
020 _a9681641361
040 _aDO-SdBNP
_bspa
_cBNPHU
082 _aG883.44
_bM774i
100 1 _aMonteforte Toledo, Mario,
_d1911-2003
_923853
245 1 3 _aLa isla de las navajas /
_cMario Monteforte Toledo.
260 _aMéxico :
_bFondo de Cultura de las Navajas,
_c1993.
300 _a101 p. ;
_c22 cm.
490 1 _aTierra firme
650 4 _aCuentos guatemaltecos
_915066
650 4 _aLiteratura guatemalteca
_95393
830 0 _aTierra firme
_93671
910 _aValidado. Control de calidad BNPHU
999 _c35015
_d35015